Responses for show #5035 - Friday, June 30, 2006

Contestants

[<< previous game]

Susannah Jacobson, a communications assistant from Madison, Wisconsin

Jeff Knorr, a teacher from Waterford, New York

Jennifer Casey, a high school drama teacher originally from Sonoma, California (whose 1-day cash winnings total $6,600)

[next game >>]

Jeopardy! Round responses

OSCAR NIGHT 2006
FIRST LADIES' FATHERS
HERBS & SPICES
WE'RE IN YOUR "DET"
FACT
FABLE
    $200 1
Crash

Susannah
    $200 16
Lady Bird Johnson (Claudia Alta Taylor)

Triple Stumper
    $200 6
(Alex: [Mimes sniffing a bit into each nostril] Atchoo.)

a snuff

Triple Stumper
    $200 11
detective

Susannah
    $200 26
commander-in-chief

Susannah
    $200 19
Sherwood Forest

Susannah
    $400 2
Jon Stewart

Susannah
    $400 17
Rosalynn Carter

Jennifer
    $400 7
nightshade

Susannah
    $400 12
a detour

Susannah
    $400 27
an eye chart

Susannah
    $400 20
(Jennifer: Who is Eve?)

Lilith

JenniferJeff
    $600 3
Reese Witherspoon

Jennifer
    $600 18
(Susannah: Who is Martha Washington?)

Dolley Madison

Susannah
Triple Stumper
    $600 8
elephant garlic

Susannah
    $600 13
a deterrent

Jeff
    $600 28
chopsticks

Susannah
    $600 21
a fairy circle (or a fairy ring)

Susannah
    $800 4
(Robert) Altman

Jeff
    $800 24
Lou Hoover

Susannah
    $800 9
caraway

Susannah
    $800 14
Detroit

Jeff
    $800 29
555

Susannah
    $800 22
Fiddler's Green

Jeff
    $1000 5
Memoirs of a Geisha

Susannah
    $1000 25
Betty Ford

Triple Stumper
    $1000 10
lupine

Susannah
    $1000 15
a detergent

Susannah
    $1000 30
Sugar Ray Robinson

Susannah
    $1,000 23
Mephistopheles

Jeff

Scores at the first commercial break (after clue 15):

Jennifer Jeff Susannah
$600 $2,200 $6,000

Scores at the end of the Jeopardy! Round:

Jennifer Jeff Susannah
$600 $4,400 $10,000

Double Jeopardy! Round responses

CLASSICAL MUSIC
CABLE TELEVISION
THE 18th CENTURY WORLD
WHO THE "H" ARE YOU?
MOSCOW KNOW-HOW
PALINDROMIC WORDS
(Alex: Words that are the same comin' and goin'.)
    $400 6
Mozart

Susannah
    $400 1
Nip/Tuck

Jennifer
    $400 11
Scotland

Jennifer
    $400 16
Hilfiger

Susannah
    $400 26
onion domes

Jeff
    $400 21
radar

Jeff
    $800 7
Haydn

Susannah
    $800 2
Bobby Brown

Susannah
    $800 12
(Captain) Cook

Susannah
    $800 17
(Ernest) Hollings

Jeff
    $800 27
Peter the Great

Jeff
    $800 22
a level

Susannah
    $1200 8
a fugue

Triple Stumper
    $1200 3
Huff

Jennifer
    $1200 13
Mackenzie

Jeff
    $1200 18
(Alexander) Hamilton

Susannah
    $1200 28
a samovar

Susannah
    $1200 23
(Alex: This is a wonderful one. You just notice it after the fact. What is [*]? [*].)

racecar

Triple Stumper
    $1600 9
Tales of Hoffmann

Susannah
    $1600 4
The Dog Whisperer

Jennifer
    $1600 14
Ben Franklin

Susannah
    $1600 19
(Alexander) Haig

Susannah
    $1600 29
the Crimea

Jeff
    $1600 24
civic

Triple Stumper
    $2000 10
Paderewski

Susannah
    $2000 5
What Not to Wear

Susannah
    $2000 15
Buenos Aires

Susannah
    $2000 20
Hector

Jennifer
    $9,000 30
(Alex: You have to be very careful on this one. You have $9,600, and as you can see, Susannah has almost $20,000 more than you.)
(Jeff: I'll wager $9,000.)
(Alex: $9,000. That's what I would have done if I were in your position. All right. Here's the clue.)
...
(Alex: [*] is right. Big move. It paid off. Kept Susannah from having this game all to herself. We've got a match!)

(John) Reed

Jeff
    $2,000 25
(Alex: Susannah, the 1-day record was set by Ken Jennings a little over a year ago. I think it's about $74,000 and change. You have $26,000 now, and there's another Daily Double still to appear on the board. How much of that $26,000 are you going to risk? You have a $19,000 lead over each of your opponents.)
(Susannah: It's not gonna be a True Daily Double. I'm sorry. $2,000.)
(Alex: $2,000 only? All right. Here's the clue for you.)
...
(Alex: You're right, and you're at $28,000. You're sorry now that you didn't make it a True Daily Double, aren't you?)
(Susannah: I'm gonna be safe.)

a tenet

Susannah

Scores at the end of the Double Jeopardy! Round:

Jennifer Jeff Susannah
$6,200 $18,600 $29,200

[wagering suggestions for these scores]

Final Jeopardy! Round responses

CHILDREN'S AUTHORS
(Alex: [*]. Where the Wild Things Are.)
JenniferWho is Roald Dahl?
$6,199
JeffWho is M. Sendak?
$15,000
SusannahWho is Maurice Sendak?
$8,001
Maurice Sendak

Final scores:

Jennifer Jeff Susannah
$1 $33,600 $37,201
3rd place: $1,000 2nd place: $2,000 New champion: $37,201

Game dynamics:

Coryat scores:

Jennifer Jeff Susannah
$6,200 $11,600 $29,200
7 R,
1 W
13 R
(including 2 DDs),
0 W
33 R
(including 1 DD),
1 W

Combined Coryat: $47,000

The J! Archive is created by fans, for fans. The Jeopardy! game show and all elements thereof, including but not limited to copyright and trademark thereto, are the property of Jeopardy Productions, Inc. and are protected under law. This website is not affiliated with, sponsored by, or operated by Jeopardy Productions, Inc. Join the discussion at JBoard.tv.